Absorpcia laserového žiarenia kovmi
Guardado en:
| Formato: | Libro |
|---|---|
| Lenguaje: | eslovaco |
| Publicado: |
Bratislava :
Ústav aplik. kybernetiky,
1992
|
| Materias: | |
| Etiquetas: |
Sin Etiquetas, Sea el primero en etiquetar este registro!
|
MARC
| LEADER | 00000nam a22000003a 4500 | ||
|---|---|---|---|
| 001 | stu35288 | ||
| 005 | 20150408180931.2 | ||
| 008 | 920414s1992----cs------------------slo-d | ||
| 040 | |a STU |b slo | ||
| 041 | 0 | |a slo | |
| 044 | |a cs | ||
| 080 | |a 535.2 |7 A000003303 | ||
| 080 | |a 535.34 | ||
| 080 | |a 621.375.826(048.8) | ||
| 245 | |a Absorpcia laserového žiarenia kovmi | ||
| 260 | |a Bratislava : |b Ústav aplik. kybernetiky, |c 1992 | ||
| 300 | |a 26 záznamov | ||
| 500 | |a COMPENDEX | ||
| 650 | 7 | |a Žiarenie laserové |2 stusub | |
| 650 | 7 | |a absorpcia |2 stusub | |
| 650 | 7 | |a kovy |2 stusub | |
| 650 | 7 | |a rešerš |2 stusub | |
| 650 | 7 | |a lasery |2 stusub | |
| 650 | 7 | |a žiarenie |2 stusub | |
| 996 | |b M R-90 |c M*R-90 |l MMKN |s A |a 24 |w stu35288_0001 | ||